| 000 | 01564nas1a22002771i 4500 | ||
|---|---|---|---|
| 001 | RU\NLR\Per\831023 | ||
| 005 | 20260408060324.0 | ||
| 035 | _a(NLR Aleph) 003074820 | ||
| 090 |
_a2347374 _c2347374 |
||
| 100 | _a20120119a20109999|||y0rusy50 ca | ||
| 101 | 0 | _arus | |
| 102 | _aRU | ||
| 110 | _aau||||||||| | ||
| 200 | 1 | _aВестник Фонда Андрея Первозванного и Центра национальной славы России | |
| 210 |
_aМосква _c[б. и.] _d2010 - |
||
| 517 | 1 | _aВестник Фонда Андрея Первозванного и Центра национальной славы | |
| 601 | 0 | 2 |
_aФонд Святого Всехвального апостола Андрея Первозванного _cМосква, город _jПериодические издания _92109694 _3RU\NLR\AUTH\661578638 |
| 686 | 1 | _aТ3(2)74-38я54 | |
| 686 | 1 | _aФ79(2)274я54 | |
| 710 | 0 | 2 |
_aФонд Святого Всехвального апостола Андрея Первозванного _cМосква _3RU\NLR\AUTH\8810204161 _9296254 |
| 711 | 0 | 2 |
_aЦентр национальной славы России _cМосква _3RU\NLR\AUTH\8810113767 _9727001 |
| 852 |
_aNLR _jП23/8395 |
||
| 942 | _cJOURNAL | ||
| 980 | _aRUSPER | ||